| 000 | 00941nam a2200301Ia 4500 | ||
|---|---|---|---|
| 001 | 57457 | ||
| 003 | IT-RoPAU | ||
| 008 | 130308s9999 xx 000 0 und d | ||
| 040 | _aIT-RoPAU | ||
| 040 | _cIT-RoPAU | ||
| 041 | _aINGLESE | ||
| 100 | _aAlberoni Francesco | ||
| 100 | _gCodice Aut. SPICS: 10027 | ||
| 245 | _aPowerless Elite (The): Theory and Sociological Research on the Phenomenon of the Stars | ||
| 245 | _bSociology Of Mass Communications (II Edizione) | ||
| 250 | _a2a ed. | ||
| 260 | _aENGLAND | ||
| 260 | _bPenguin Books | ||
| 260 | _c1976 [1° Ed.:1972 - Ed.Ling.Originale:1962] | ||
| 300 | _a"24 p. (prefazione: no ; testo: 24 [pagine: 75-98])" | ||
| 500 | _aFenomeno delle Stars prospettive del Divismo Potere della Elite Star carisma Elite | ||
| 650 | _aSOCIOLOGIA DELLA COMUNICAZIONE SOCIALE | ||
| 650 | _eCodice materia Spics: 3806 | ||
| 942 | _cBK | ||
| 957 | _71 | ||
| 999 |
_c44494 _d44494 |
||
| 999 | _bSI | ||
| 999 | _g1 | ||